00364cam a22001097a 4500008004000000020001800040100002500058245008900083260003100172300001000203650004100213180718b2003 xxu||||| |||| 00| 0 eng d a81 8152 060 2 aRattu, Krishan Kumar aDharmnirpeksh bharatiya loktantra ayodhya gujrat paridrishyacby Krishan Kumar Rattu aJaipurbBook Enclavec2003 a454p. aPolitical science - Indian Democracy